| Поле | Инд. | ПП | Название | Значение |
|---|---|---|---|---|
| Тип записи | a | |||
| Библиографический уровень | b | |||
| 001 | Контрольный номер | UNIDUBNAbc74e2c7a38440469aeeacdad89d2101 | ||
| 005 | Дата корректировки | 20250828204030.8 | ||
| 008 | Кодируемые данные | 20170331 | ||
| 040 | b | Код языка каталог. | rus | |
| e | Правила каталог. | PSBO | ||
| 041 | 0_ | a | Код языка текста | rus |
| 084 | a | Индекс другой классификации/Индекс ББК | 60.991.3 | |
| 100 | 1_ | a | Автор | Кузьмин В. П. |
| q | Полное имя | Кузьмин Вячеслав Петрович | ||
| 245 | 10 | a | Заглавие | Особенности социальной работы с детьми с девиантным поведением в общеобразовательном учреждении |
| 504 | a | Библиография | Лит. в конце статьи | |
| 520 | 0_ | a | Аннотация | О социальной работе с подростками в общеобразовательном учреждении. Раскрываются жизненные затруднения школьников старших классов. Проводится анализ конфликтного поведения. Описывается отношение несовершеннолетних к асоциальному образу жизни. Изучаются технологии социальной работы с девиантным поведением подростков. |
| 650 | 14 | a | Основная рубрика | социальная работа |
| 653 | 0_ | a | Ключевые слова | девиантное поведение |
| a | Ключевые слова | детская психология | ||
| a | Ключевые слова | деятельностный подход | ||
| a | Ключевые слова | когнитивный подход | ||
| a | Ключевые слова | комплексный подход | ||
| a | Ключевые слова | конфликтное поведение | ||
| a | Ключевые слова | молодежь | ||
| a | Ключевые слова | несовершеннолетние | ||
| a | Ключевые слова | общеобразовательная школа | ||
| a | Ключевые слова | отклоняющееся поведение | ||
| a | Ключевые слова | подростки | ||
| a | Ключевые слова | профилактика девиантного поведения | ||
| a | Ключевые слова | психосоциальная работа | ||
| a | Ключевые слова | Россия | ||
| a | Ключевые слова | социальная педагогика | ||
| a | Ключевые слова | социальная поддержка | ||
| a | Ключевые слова | социальная психология | ||
| a | Ключевые слова | социальное здоровье | ||
| a | Ключевые слова | социально-психологическая поддержка | ||
| a | Ключевые слова | старшеклассники | ||
| a | Ключевые слова | трудная жизненная ситуация | ||
| a | Ключевые слова | школьники | ||
| 773 | 08 | t | Заглавие источника | Отечественный журнал социальной работы |
| d | Дата издания источника | 2023 | ||
| g | Прочая информация | № 4. - С. 115 - 118 | ||
| w | Контрольный № источника | UNIDUBNA8519d4f2c1714d859c3e1f0162350cf7 | ||
| 901 | t | Тип документа | b |